000 00597nam a2200229Ia 4500
008 220216s9999 xx 000 0 und d
100 _aSreelatha S.
245 0 _aIsozyme studies on different cytotypes of Hevea brasiliensis
260 _bIndian Journal of Natural Rubber Research
_c1993
300 _a24-27
650 _aDiploid
650 _aIsozyme
650 _aTetraploid
650 _aTriploid
700 _aNair N.U.
700 _aSaraswathyamma C.K.
700 _aSethuraj M.R.
700 _aSimon S.P.
700 _aThomas M.
700 _aVijayakumar K.R.
942 _cBS
999 _c50512
_d50512